000 00367nam a22001457a 4500
008 210518b ||||| |||| 00| 0 eng d
020 _a9780024187703
041 _aeng
080 _a004
082 _a004
100 _a28
101 _aSHKI
245 _aComputers and Information Systems with Hands On Software Tutorials
_cRobert A. Szymanski
942 _2udc
_cBK
999 _c57401
_d57401